000 00930cam a22002771 4500
001 3969
003 BD-RjUL
005 20211208233818.0
008 131221s1962 xx 000 0 eng
035 _a(BD-RjUL)4003
035 _a(OCoLC)1814533
040 _aDLC
_cOTU
_dOTU
_dDLC
_dBD-RjUL
_beng
041 _aeng
082 _2338.476213
_bFIS
100 1 _aFisher, Franklin M.
_912639
245 1 2 _aA study in econometrics: the demand for electricity in the United States,
_cby Franklin M. Fisher in association with Carl Kaysen.
260 _aAmsterdam,
_bNorth-Holland Pub. Co.,
_c1962.
300 _a190 p. :
_billus. ;
_c22 cm.
504 _aIncludes bibliography.
650 0 _aElectric utilities
_zUnited States.
_912640
650 0 _aElectric utilities
_xMathematical models.
_912641
942 _2ddc
_cBK
999 _c3969
_d3969